=LDR 00000nam 2200000 4500 =001 NUTBA000000000003148 =005 20140724114125.0 =006 =007 =008 =020 ##$$a 978-979-043-188-1 =035 ##$$a 0010-071400000000336 =040 ##$$a NBPDMAT =082 ##$$a 510 =090 ##$$a 510 $b Jan j =100 ##$$a Janu Ismadi =245 ##$$a Jagat matematika untuk SMA / MA program ilmu sosial kelas XI / $c oleh Janu Ismadi =260 ##$$a Jakarta : $b Perca, $c 2012 =300 ##$$a vi, 155 hlm. : $b ilus. ; $c 29 cm. =650 ##$$a Matematika-SMA =990 ##$$a 21406892